Библиографический справочник по теме: Геометро-оптический метод решения нелинейных сингулярно возмущенных задач тепло и массопереноса в многослойных средах с дефектами типа трещин

Bibliografiske detaljer
Andre forfattere: Несененко Г. А. Георгий Алексеевич (составитель)
Sprog:russisk
Udgivet: Москва, 1994
Fag:
Format: Bog
KOHA link:https://koha.lib.tpu.ru/cgi-bin/koha/opac-detail.pl?biblionumber=322426

MARC

LEADER 00000nam0a2200000 4500
001 322426
005 20231102003455.0
035 |a (RuTPU)RU\TPU\book\347985 
090 |a 322426 
100 |a 20160927d1994 k y0rusy50 ca 
101 0 |a rus 
102 |a RU 
105 |a y ag 001zy 
200 1 |a Библиографический справочник по теме: Геометро-оптический метод решения нелинейных сингулярно возмущенных задач тепло и массопереноса в многослойных средах с дефектами типа трещин  |f сост. Г. А. Несененко 
210 |a Москва  |d 1994 
215 |a 86 с. 
320 |a Библиогр. в приложении 
606 1 |a Библиографические пособия  |x Отраслевые  |2 stltpush  |3 (RuTPU)RU\TPU\subj\28539  |9 52057 
606 1 |a Массообмен  |x Математические исследования  |2 stltpush  |3 (RuTPU)RU\TPU\subj\41153  |9 60969 
606 1 |a Массопередача  |x Математические исследования  |2 stltpush  |3 (RuTPU)RU\TPU\subj\41161  |9 60976 
610 1 |a библиографические пособия 
610 1 |a справочники 
610 1 |a методы 
610 1 |a решения 
610 1 |a дефекты 
610 1 |a трещины 
675 |a 536.24:51  |v 4 
686 |a Я19  |v LBC/SL-A  |2 rubbk 
702 1 |a Несененко  |b Г. А.  |g Георгий Алексеевич  |4 220 
801 1 |a RU  |b 63413507  |c 20160927 
801 2 |a RU  |b 63413507  |c 20181121  |g RCR 
942 |c BK